000 00680nam a2200253Ia 4500
003 OSt
005 20221007105021.0
006 a|||||r|||| 00| 0
007 ta
008 221006b |||||||| |||| 00| 0 eng d
024 _a17,383
037 _cTextual
040 _aLCO
_cLCO
_beng
041 _2eng
_aeng
082 _aZ2,2,414, L2
100 _aMaudsley R.H
_9688690
245 0 _aTrusts and Trustees
_b Cases and Materials.
260 _aLondon
_bButterworths UK
_c1972
300 _a672
650 _aTRUSTS
_9706433
700 _a Burn E.H
_9688500
942 _hZ2,2,414, L2
_cTEXL
999 _c1186946
_d1186946